| 000 | 00574cam a22001457a 4500 | ||
|---|---|---|---|
| 008 | 180718b2006 xxu||||| |||| 00| 0 eng d | ||
| 100 | _aDemirguc-Kunt, Asli | ||
| 245 |
_aBanking on the principles: compliance with basel core principles and bank soundness _cby Asli Demirguc-Kunt, Enrica Detragiache and Thierry Tressel |
||
| 260 |
_aWashington, D.C. _bWorld Bank _c2006 |
||
| 300 | _a39p. | ||
| 440 | _aPolicy research working paper; no. 3954 | ||
| 650 | _aBanks and banking --State supervision --Case studies | ||
| 700 | _aTressel, Thierry | ||
| 700 | _aDetragiache, Enrica | ||
| 999 |
_c293682 _d293682 |
||